000
00282 a2200121 4500
001
3095
082
_a
613.7046 BAL
090
_c
2377
_d
2377
100
_a
Balaskas Janet
245
_a
Preparing for birth with yoga
260
_a
USA
_b
Patriclr Stephen
_c
1994
300
_a
224 p.
942
_a
NUST-CAE
_k
613.7046 BAL
999
_c
238168
_d
238168